000
00300nam a22001337a 4500
008
170328b xxu||||| |||| 00| 0 eng d
020
_a
9780321676238
041
_a
eng
080
_2
3RD
_a
615.83
100
_a
8
101
_a
SHM
245
_a
TOTAL FITNESS & WELLNESS
_c
POWERS, S.K
942
_2
udc
_c
BK
999
_c
8794
_d
8794